Qamus Al-Quran

Main Author: Hassan, A. Qadireauthor
Language:Arabic
Published: Jakarta: M-Muslimun, 1984.
Subjects:
LEADER 00914cam a2200253 7i4500
001 0000013240
005 20180307090000.0
008 180307s1984 io ara
090 0 0 |a BP 133   |b .H3 1984 
100 1 # |a Hassan, A. Qadireauthor  
245 1 0 |a Qamus Al-Quran   |c Abdul Qadir Hassan. 
264 # 4 |c ♭ 1984. 
264 # 1 |a Jakarta:   |b M-Muslimun,   |c 1984. 
300 # # |a 316 pasges:   |b ill.;   |c 18 cm.. 
336 # # |a text  |2 rdacontent 
337 # # |a unmediated  |2 rdamedia 
338 # # |a volume  |2 rdacarrier 
500 # # |a Indonesian and Arabic 
590 # # |a Pusat Pendidikan Asas dan Liberal 
650 0 0 |a Koran --   |x Dictionaries --   |x Arabic  
650 0 0 |a Arabic language --   |x Dictionaries --   |x Indonesian  
999 |a 1000396608  |b Book  |c Rujukan  |e STACKROOM 2 
999 |a 2000130757  |b CD-ROM  |c Bahan Pandang Dengar  |e BILIK BAHAN SUMBER MEDIA 
999 |a 2000130767  |b CD-ROM  |c Bahan Pandang Dengar  |e BILIK BAHAN SUMBER MEDIA